000 01015nam0a22003131 4500
001 v19\rc\1871542
005 20251118180500.9
035 _a(NLR Aleph) 004988072
090 _a6256073
_c6256073
100 _a20080221d1910 u y0rusy50 ca
101 0 _arus
102 _aRU
105 _ay z |||||
200 1 _aВ мире песни
_fА.Н. Данилевский-Александров
210 _aСанкт-Петербург
_cтип. А.С. Суворина
_d1910
215 _a244 с.
_d21
225 1 _a[Сочинения]
_fА.Н. Данилевский-Александров
_vТ. 1
300 _aНа тит. л.: Т. 1
700 1 _aДанилевский-Александров
_bА.Н.
790 1 _aАлександрова
_bН.
801 0 _aRU
_bNLR
_gpsbo
801 0 _aRU
_bRuMoRGB
_2psbo
801 1 _aRU
_bProSoft-M
_2rusmarc
852 _aNLR
_j38.80.4.146(т. 1)
852 _aNLR
_j130/7223(т. 1)
899 _aRuMoRGB
_jU 66/274
899 _aБАН
942 _cBOOK
980 _aNB